Top 10 Nine Inch Nails Albums - Statistics

General Stats
  • This quiz has been taken 81 times
  • The average score is 8 of 10
Answer Stats
Year Album % Correct
1994 The Downward Spiral
98%
1989 Pretty Hate Machine
95%
2005 [WITH TEETH]
92%
1999 The Fragile
89%
2007 Year Zero
84%
1992 Broken
82%
2008 Ghosts I-IV
76%
2007 The Fragile
74%
2008 The Slip
71%
2002 And All That Could Have Been
48%
No matching quizzes found
Score Distribution
Percent of People with Each Score
Percentile by Number Answered
Your Score History
You have not taken this quiz